[Event "Ciocaltea mem"]
[Site "Bucharest"]
[Date "1997.??.??"]
[Round "7"]
[White "Solak, Dragan"]
[Black "Nevednichy, Vladislav"]
[Result "1/2-1/2"]
[WhiteElo "2355"]
[BlackElo "2535"]

1.e4 g6 2.d4 Bg7 3.Nc3 d6 4.Nf3 a6 5.Be3 b5 6.Qd2 Bb7 7.Bd3 Nd7 8.a4 b4 9.Ne2 a5
10.c4 bxc3 11.Nxc3 Ngf6 12.Bh6 O-O 13.Bxg7 Kxg7 14.O-O e5 15.Rfe1 Qe7 16.Nb5 c6
17.Na3 exd4 18.Nxd4 Ne5  1/2-1/2

[Event "Ciocaltea mem"]
[Site "Bucharest"]
[Date "1997.??.??"]
[Round "8"]
[White "Itkis, Boris"]
[Black "Milu, Romeo Sorin"]
[Result "1/2-1/2"]
[WhiteElo "2440"]
[BlackElo "2425"]

1.d4 g6 2.e4 Bg7 3.Nc3 d6 4.Bg5 Nc6 5.Nge2 Nf6 6.f3 O-O 7.Qd2 Na5 8.Rd1 Nc4
9.Qc1 c6 10.b3 Nb6 11.Bh6 Qc7  1/2-1/2

[Event "Ciocaltea mem"]
[Site "Bucharest"]
[Date "1997.??.??"]
[Round "9"]
[White "Vajda, Levente"]
[Black "Itkis, Boris"]
[Result "1-0"]
[WhiteElo "2435"]
[BlackElo "2440"]

1.e4 g6 2.d4 Bg7 3.Nc3 d6 4.Nge2 Nf6 5.g3 Na6 6.Bg2 c5 7.d5 O-O 8.O-O Nc7
9.a4 a6 10.h3 Rb8 11.Rb1 Nd7 12.Bd2 b5 13.axb5 Nxb5 14.b3 Qc7 15.Kh2 Nb6
16.f4 e6 17.dxe6 fxe6 18.Nxb5 axb5 19.Bc3 Bxc3 20.Nxc3 Bd7 21.Qd2 b4 22.Nd1 Bc6
23.Ne3 Rbd8 24.f5 Qe7 25.fxg6 hxg6 26.Ng4 e5 27.Qh6 Qg7 28.Qg5 Nd7 29.Rbd1 Rxf1
30.Bxf1 Rf8 31.Rxd6  1-0

[Event "Ciocaltea mem"]
[Site "Bucharest"]
[Date "1997.??.??"]
[Round "10"]
[White "Moldovan, Daniel"]
[Black "Milu, Romeo Sorin"]
[Result "1/2-1/2"]
[WhiteElo "2435"]
[BlackElo "2425"]

1.e4 g6 2.d4 Bg7 3.Nc3 d6 4.Nf3 Nf6 5.Be2 O-O 6.O-O a6 7.a4 Nc6 8.d5 Ne5
9.Nxe5 dxe5 10.Be3 e6 11.dxe6 Bxe6  1/2-1/2

[Event "Budapest FS03 IM-B"]
[Site "Budapest"]
[Date "1997.??.??"]
[Round "2"]
[White "Farago, Sandor"]
[Black "Haub, Thorsten Michael"]
[Result "1/2-1/2"]
[WhiteElo "2250"]
[BlackElo "2365"]

1.e4 g6 2.d4 Bg7 3.Nc3 d6 4.Be3 a6 5.a4 b6 6.Bc4 e6 7.Bb3 Ne7 8.f4 Bb7 9.Nf3 Nd7
10.O-O Nf6 11.Qd3 O-O 12.Kh1 d5 13.e5 Ne4 14.Nd2 Nxc3 15.bxc3 Rc8 16.c4 c5
17.dxc5 bxc5 18.c3 Nf5 19.Bf2 Bh6 20.Qf3 Ba8 21.cxd5 exd5 22.Bc2 d4 23.Qh3 Bg7
24.Bxf5 gxf5 25.Nc4 Rc6 26.Nd6 Rxd6 27.exd6 Be4 28.cxd4 cxd4 29.Qa3 Qa8 30.Rg1 Kh8
31.h3 Rg8 32.Kh2 Qd5 33.Rad1 Bf6 34.g3 d3 35.Rd2 Rd8 36.Bc5 Rb8 37.Be3 Rd8
38.Bc5 Rb8 39.Be3 Rd8 40.Bc5  1/2-1/2

[Event "Budapest FS02 GM"]
[Site "Budapest"]
[Date "1997.??.??"]
[Round "3"]
[White "Cao Sang"]
[Black "Habibi, Ali"]
[Result "1-0"]
[WhiteElo "2465"]
[BlackElo "2345"]

1.e4 d6 2.d4 g6 3.Nc3 Bg7 4.h4 Nc6 5.Be3 Nf6 6.Be2 e5 7.d5 Nd4 8.Bd3 c5 9.Nb1 Bd7
10.Na3 a6 11.c3 Nb5 12.Nc4 Qc7 13.Qb3 Rb8 14.Ne2 Na7 15.Qb6 Qxb6 16.Nxb6 Bb5
17.c4 Bd7 18.b4 Ng4 19.Bd2 f5 20.bxc5 dxc5 21.Nc3 f4 22.Rb1 Bf8 23.g3 Bd6
24.f3 Nf6 25.gxf4 exf4 26.Ne2 Nh5 27.Bc3 Rf8 28.e5 Bc7 29.e6 Bc8 30.Rg1 Ke7
31.Rg5 Bd6 32.a4 Rd8 33.a5 Bc7 34.Bc2 Bd6 35.Na4 Re8 36.Rb6 Ra8 37.Rxd6 Kxd6
38.Be5+ Ke7 39.Nxc5 Rd8 40.Nxf4  1-0

[Event "Budapest"]
[Site "Budapest"]
[Date "1997.??.??"]
[Round "3"]
[White "Pirisi, Gabor"]
[Black "Alvir, Aco"]
[Result "1-0"]
[WhiteElo "2365"]
[BlackElo "2390"]

1.e4 g6 2.d4 Bg7 3.Nc3 d6 4.h3 Nf6 5.g3 O-O 6.Bg2 c6 7.a4 e5 8.Nge2 Nbd7
9.a5 Re8 10.O-O Qe7 11.Re1 h6 12.Be3 Kh7 13.Kh2 Qf8 14.Qd2 a6 15.Rad1 h5
16.d5 c5 17.Na4 Bh6 18.Nc1 Rb8 19.b4 cxb4 20.Qxb4 Ng8 21.Nd3 f5 22.exf5 gxf5
23.Qh4 Ndf6 24.Nb6 f4 25.gxf4 e4 26.Nc1 Bf5 27.Ne2 Ne7 28.Bd4 Nfxd5 29.Nxd5 Nxd5
30.c4 Nb4 31.Ng3 Bg6 32.f5 Bxf5 33.Nxf5 Qxf5 34.Bxe4 Rxe4 35.Rxe4 Nc6 36.Re7+  1-0

[Event "Honved-B"]
[Site "Budapest"]
[Date "1997.??.??"]
[Round "5"]
[White "Acs, Peter"]
[Black "Horvath, Csaba"]
[Result "0-1"]
[WhiteElo "2420"]
[BlackElo "2485"]

1.e4 g6 2.d4 Bg7 3.Nc3 d6 4.f4 Nf6 5.Nf3 O-O 6.Bd3 Na6 7.O-O c5 8.d5 Bg4
9.h3 Bxf3 10.Rxf3 Nc7 11.a4 e6 12.Bf1 exd5 13.exd5 b6 14.g4 Re8 15.g5 Nh5
16.Kh1 a6 17.Bg2 b5 18.Ne2 Qe7 19.Re3 Qd7 20.Rxe8+ Rxe8 21.Kh2 h6 22.gxh6 Bxh6
23.axb5 axb5 24.Ra7 Re7 25.Bf3 Qf5 26.Qd3 Qxd3 27.cxd3 Nxd5 28.Ra8+ Kh7 29.Rd8 Nhxf4
30.Nxf4 Bxf4+ 31.Bxf4 Nxf4 32.Rxd6 Re3 33.Bc6 Rxh3+ 34.Kg1 Rxd3 35.Rf6 Nh3+
36.Kh2 Ng5  0-1

[Event "Budapest FS02 GM"]
[Site "Budapest"]
[Date "1997.??.??"]
[Round "6"]
[White "Somlai, Laszlo"]
[Black "Habibi, Ali"]
[Result "0-1"]
[WhiteElo "2360"]
[BlackElo "2345"]

1.e4 d6 2.d4 g6 3.Nc3 Bg7 4.Nf3 Nf6 5.Be2 O-O 6.O-O e5 7.dxe5 dxe5 8.Nxe5 Nxe4
9.Nxe4 Bxe5 10.Bg5 Qxd1 11.Raxd1 Nc6 12.c3 Be6 13.Nc5 Bxa2 14.Bf3 Bg7 15.Bf4 Be5
16.Bxe5 Nxe5 17.Bxb7 Rab8 18.Rfe1 Rfe8 19.h3 g5 20.b4 Kg7 21.Re3 f6 22.Ra1 Bf7
23.Rxa7 Rbd8 24.Ra1 Rd2 25.Rae1 Rb8 26.Be4 Ra2 27.Bf5 Rd8 28.Be6 Rc2 29.Bxf7 Kxf7
30.Ne4 h6 31.Ra1 Kg6 32.Ra6 c6 33.Re1 h5 34.Rea1 Rd5  0-1

[Event "HUN-ch"]
[Site "Budapest"]
[Date "1997.??.??"]
[Round "7"]
[White "Almasi, Zoltan"]
[Black "Chernin, Alexander"]
[Result "1/2-1/2"]
[WhiteElo "2615"]
[BlackElo "2640"]

1.e4 g6 2.d4 Bg7 3.Nc3 d6 4.f4 Nf6 5.Nf3 O-O 6.Bd3 Nc6 7.O-O e5 8.fxe5 dxe5
9.d5 Nb4 10.Bc4 Ne8 11.Bg5 f6 12.Bh4 Nd6 13.Be2 a5 14.a3 Na6 15.b4 Qe8 16.Bf2 f5
17.Nd2 Bd7 18.bxa5 Qe7 19.Nc4 Kh8 20.Nxd6 cxd6 21.Rb1 Rfc8 22.Qd2 Be8 23.Bb5 Nc5
24.Bxe8 Qxe8 25.Bxc5 Rxc5 26.Rxb7 Qc8 27.Rb3 Rcxa5 28.a4 Qc5+ 29.Kh1  1/2-1/2

[Event "Budapest FS03 IM-B"]
[Site "Budapest"]
[Date "1997.??.??"]
[Round "11"]
[White "Jovanovic, Sasa D"]
[Black "Haub, Thorsten Michael"]
[Result "0-1"]
[WhiteElo "2385"]
[BlackElo "2365"]

1.e4 g6 2.d4 Bg7 3.Nc3 d6 4.g3 Nc6 5.Be3 Nf6 6.h3 e5 7.Nge2 O-O 8.Bg2 Bd7
9.O-O Qc8 10.Kh2 h6 11.f4 exf4 12.Nxf4 Ne7 13.Qd2 c6 14.Rf2 g5 15.Nd3 Nh7
16.g4 Qc7 17.Kh1 Ng6 18.Raf1 Rae8 19.Nc1 Nh4 20.N1e2 d5 21.exd5 f5 22.dxc6 bxc6
23.d5 Nxg2 24.Kxg2 fxg4 25.hxg4 Rxf2+ 26.Bxf2 Nf6 27.Bg1 cxd5 28.Nd4 Bxg4
29.Nf5 Bxf5 30.Rxf5 Qc4 31.Qd4 Qc6 32.Bh2 Qe6 33.Re5 Qf7 34.Rxe8+ Nxe8 35.Qxd5 Bxc3
36.Qxf7+ Kxf7 37.bxc3 Ke6 38.Kf3 Nf6 39.Bg1 a6 40.Bd4 h5 41.c4 Kf5 42.c5 h4
43.c6 g4+ 44.Kg2 Nd5 45.c4 Nf4+ 46.Kh1 Ke6 47.Bf6 Ng6 48.Bd8 Kd6 49.c7 Kd7
50.Kg2 Kc8 51.Kf2 h3 52.c5 Nf4 53.Kg3 Ne2+ 54.Kh2 a5 55.a4 Nc3 56.Bf6 Nxa4
57.Be5 Nxc5 58.Kg3 Nd7 59.Bd4 a4 60.Bg1 a3  0-1

[Event "Budapest FS05 IM"]
[Site "Budapest"]
[Date "1997.??.??"]
[Round "13"]
[White "Toth, Andras"]
[Black "Koch, Wolfgang Max"]
[Result "1/2-1/2"]
[WhiteElo "2245"]
[BlackElo "2355"]

1.e4 d6 2.d4 g6 3.Nc3 Bg7 4.f4 Nf6 5.Nf3 O-O 6.Bd3 Nc6 7.O-O e5 8.dxe5 dxe5
9.f5 gxf5 10.exf5 e4 11.Nxe4 Bxf5 12.Nxf6+ Qxf6 13.Bg5 Qg6 14.Bxf5 Qxf5 15.Qd2 f6
16.Bh4 Rad8 17.Qc3 Qd5 18.Qb3 Qxb3 19.axb3 Rfe8 20.Bg3 Rd7 21.Rfe1 Rxe1+
22.Rxe1 Kf7 23.c3 Bf8 24.b4 a6 25.Kf2 Bd6 26.Bxd6 Rxd6 27.g4 Rd5 28.Kg3 h5
29.h3 hxg4 30.hxg4 Rd7 31.Kf4 Ne7 32.Rh1 Ng6+ 33.Kf5 Ne7+ 34.Ke4 Nc6 35.Rh7+ Ke6
36.Rxd7 Kxd7 37.Nd4 Nxd4 38.cxd4 Ke6 39.d5+ Ke7 40.Ke3 Kf7 41.Ke4 Kg6 42.Kf4 b6
43.b5 axb5 44.b4 Kg7  1/2-1/2

[Event "Najdorf op"]
[Site "Buenos Aires"]
[Date "1997.??.??"]
[Round "2"]
[White "Bernard, Ignacio"]
[Black "Sorokin, Maxim"]
[Result "0-1"]
[WhiteElo "2245"]
[BlackElo "2560"]

1.e4 d6 2.d4 g6 3.Nc3 Bg7 4.g3 Nf6 5.Bg2 O-O 6.Nge2 e5 7.O-O exd4 8.Nxd4 Re8
9.a4 Bg4 10.f3 Bd7 11.Re1 Nc6 12.Nde2 Nb4 13.Nf4 Bc6 14.Nd3 a5 15.Bg5 h6
16.Bd2 Nd7 17.f4 b6 18.Nf2 Nc5 19.h4 h5 20.f5 Nd7 21.Ne2 Nf8 22.c3 Na6 23.Nf4 Nc5
24.Bf3 Ncd7 25.g4 hxg4 26.Nxg4 Ne5 27.fxg6 fxg6 28.h5 Qg5 29.Be3 Nxf3+ 30.Qxf3 Rxe4
31.Qg3 Be5  0-1

[Event "Najdorf op"]
[Site "Buenos Aires"]
[Date "1997.??.??"]
[Round "4"]
[White "German, Sergio"]
[Black "Sorokin, Maxim"]
[Result "0-1"]
[WhiteElo "2375"]
[BlackElo "2560"]

1.e4 g6 2.d4 Bg7 3.Nc3 d6 4.Be3 a6 5.Qd2 Nd7 6.O-O-O b5 7.g4 Bb7 8.f3 h5
9.gxh5 Rxh5 10.Nge2 c5 11.h4 cxd4 12.Bxd4 Ne5 13.Nf4 Nxf3 14.Qg2 Bxd4 15.Qxf3 Bxc3
16.Nxh5 Be5 17.Nf4 Qa5 18.Kb1 Qb4 19.Nd3 Qxe4 20.Qxe4 Bxe4 21.Rh3 Bf5 22.Rh1 Be4
23.Rh3 Bf5 24.Rh1 Bg7 25.Bg2 Ra7 26.Nb4 Nf6 27.Rhe1 Kf8 28.Rd2 Ng4 29.Bf3 Ne5
30.Bg2 Nc4 31.Rde2 e6 32.Nd3 Rc7 33.Bf3 Bxd3 34.cxd3 Ne5 35.Bh1 Nxd3 36.Rd1 Nf4
37.Rf2 Be5 38.Rc2 Rxc2 39.Kxc2 d5 40.b3 Ke7 41.Kd2 Bf6 42.Ke3 Nh5 43.Rc1 Kd7
44.Rf1 Kd6 45.Bg2 e5 46.Rc1 Nf4 47.Bf1 d4+ 48.Kf3 Bxh4 49.a4 bxa4 50.bxa4 f5
51.Bh3 Nxh3 52.Rh1 e4+  0-1

[Event "Najdorf op"]
[Site "Buenos Aires"]
[Date "1997.??.??"]
[Round "7"]
[White "Servat, Roberto"]
[Black "Ginzburg, Maximiliano"]
[Result "0-1"]
[WhiteElo "2440"]
[BlackElo "2450"]

1.e4 g6 2.d4 Bg7 3.Nc3 d6 4.f4 Nc6 5.Be3 Nf6 6.Nf3 e6 7.Qd2 d5 8.e5 Ng4 9.Bg1 h5
10.h3 Nh6 11.Bf2 Nf5 12.g3 Bf8 13.Rg1 Be7 14.O-O-O a6 15.g4 Ng7 16.Ne2 Bd7
17.Kb1 b5 18.Nc1 Qb8 19.Nd3 Qb6 20.Nc5 Na5 21.Bd3 Nc4 22.Qe2 a5 23.Ng5 Rd8
24.gxh5 Bxg5 25.hxg6 f6 26.fxg5 f5 27.h4 Ke7 28.b3 Be8 29.bxc4 bxc4+ 30.Ka1 cxd3
31.Qxd3 Bxg6 32.Rb1 Qc6 33.Qa3 Kf7 34.Qxa5 Ra8 35.Qb5 Rxa2+ 36.Kxa2 Ra8+  0-1

[Event "Cairo-A"]
[Site "Cairo"]
[Date "1997.??.??"]
[Round "1"]
[White "Georg, Magdy"]
[Black "Horvath, Csaba"]
[Result "0-1"]
[WhiteElo "2345"]
[BlackElo "2485"]

1.e4 g6 2.d4 Bg7 3.Nc3 d6 4.Bc4 Nf6 5.Nf3 O-O 6.O-O Nc6 7.d5 Na5 8.Bd3 c5
9.Re1 e6 10.h3 a6 11.a4 Re8 12.Bg5 h6 13.Bf4 exd5 14.exd5 Rxe1+ 15.Qxe1 b6
16.Qd2 g5 17.Bh2 b5 18.axb5 axb5 19.Bxb5 Nb3 20.Rxa8 Nxd2 21.Ba6 Nxf3+ 22.gxf3 Bf8
23.Rxc8 Qb6 24.Bd3 Qb7 25.Bf5 Kg7 26.Ne4 Qxd5 27.Ng3 Qxf3 28.Bd3 Nd7 29.Be2 Qb7
30.Re8 d5 31.Nf5+ Kf6 32.Ne3 d4 33.Ng4+ Kg7 34.Bd3 h5 35.Ne5 Nf6 36.Rd8 Be7  0-1

[Event "Goodricke op"]
[Site "Calcutta"]
[Date "1997.??.??"]
[Round "5"]
[White "Dongre, Ravindra Malidh"]
[Black "Sahu, Sekhar Chandra"]
[Result "0-1"]
[WhiteElo "2205"]
[BlackElo "2320"]

1.e4 d6 2.d4 g6 3.Nc3 Bg7 4.f4 c6 5.Nf3 Bg4 6.Be2 Nd7 7.O-O Qb6 8.Be3 Qxb2
9.Qd2 Qb6 10.Rab1 Qc7 11.e5 Nb6 12.h3 Bxf3 13.Rxf3 Rd8 14.Qe1 Nh6 15.g4 f5
16.Qh4 O-O 17.Bd3 e6 18.Ne2 d5 19.Bd2 Nc4 20.Bxc4 dxc4 21.Bb4 Rfe8 22.Bd6 Qc8
23.Kh2 Rd7 24.Rg1 Qd8 25.Qf2 Bf8 26.Bxf8 Rxf8 27.c3 Rd5 28.g5 Nf7 29.h4 Rb5
30.Ng3 Qb6 31.Rg2 Rd8 32.h5 c5 33.Ne2 Rb2 34.Rh3 Nh8 35.Qf3 Qc6 36.Qxc6 bxc6
37.a4 gxh5 38.Rxh5 Ng6 39.Kg3 cxd4 40.cxd4 Rdb8 41.Rh1 R8b3+ 42.Kh2 Nh4 43.Rf2 Re3  0-1

[Event "Goodricke op"]
[Site "Calcutta"]
[Date "1997.??.??"]
[Round "6"]
[White "Sahu, Sekhar Chandra"]
[Black "Prakash, G B."]
[Result "0-1"]
[WhiteElo "2320"]
[BlackElo "2410"]

1.d3 g6 2.e4 Bg7 3.d4 d6 4.Nc3 e5 5.dxe5 dxe5 6.Qxd8+ Kxd8 7.Bg5+ f6 8.O-O-O+ Nd7
9.Be3 c6 10.g4 Kc7 11.h4 Nb6 12.f3 Be6 13.b3 Nh6 14.a4 Nf7 15.a5 Nc8 16.Na4 b6
17.Ba6 Rb8 18.h5 Bh6 19.Bxh6 Nxh6 20.Ne2 Ne7 21.Rd2 Nf7 22.Ng3 Ng5 23.axb6+ axb6
24.Be2 Rbd8 25.Rxd8 Rxd8 26.hxg6 hxg6 27.Rh6 Ra8 28.Nf1 Rb8 29.Ne3 Kd6 30.Rh1 Kc7
31.Rh6 Kd6 32.Kb2 b5 33.Nc3 Bg8 34.Rh1 Ra8 35.Nb1 Ne6 36.Nd2 Kc7 37.Rh2 Rd8
38.Kc1 Nc8 39.Rh6 Bf7 40.Bd1 Nd6 41.Rh7 Ng5 42.Rh6 Nb7 43.Ng2 Nc5 44.Ne1 Kb6
45.Rh2 Nce6 46.Nf1 Nf4 47.Ne3 c5 48.Rd2 Rxd2 49.Kxd2 c4 50.bxc4 Bxc4 51.N1g2 Nge6
52.Nxf4 exf4 53.Ng2 g5 54.Ne1 b4 55.c3 b3 56.Nd3 Bxd3 57.Kxd3 Nc5+ 58.Kc4 b2
59.Bc2 Nd7 60.Kb3 Ne5 61.Kxb2 Nxf3 62.c4 Ne5 63.Bd1 Kc5 64.Kc3 Nxc4 65.Bb3 Ne5
66.Be6 f3 67.Kd2 Kd4  0-1

[Event "Goodricke op"]
[Site "Calcutta"]
[Date "1997.??.??"]
[Round "6"]
[White "Ravi, Thandalam Shanmugam"]
[Black "Davies, Nigel R"]
[Result "1/2-1/2"]
[WhiteElo "2400"]
[BlackElo "2505"]

1.e4 g6 2.d4 Bg7 3.Nc3 d6 4.Be3 a6 5.Qd2 Nd7 6.f3 b5 7.a4 b4 8.Nd1 Rb8 9.a5 c5
10.d5 Ngf6 11.Bh6 Bxh6 12.Qxh6 e6  1/2-1/2

[Event "Campobasso op"]
[Site "Campobasso"]
[Date "1997.??.??"]
[Round "?"]
[White "Lagumina, Giulio"]
[Black "Marzano, Carlo"]
[Result "0-1"]
[WhiteElo "2265"]
[BlackElo "2175"]

1.d4 d6 2.e4 g6 3.Nc3 Bg7 4.f4 c6 5.Nf3 Bg4 6.Be3 Qb6 7.Qd2 Bxf3 8.gxf3 Nd7
9.O-O-O Qa5 10.Kb1 b5 11.f5 Nb6 12.Ka1 Nf6 13.Rg1 Nc4 14.Bxc4 bxc4 15.Qe2 d5
16.e5 Nd7 17.e6 fxe6 18.fxg6 hxg6 19.Rxg6 Bf6 20.Bg5 Bxg5 21.Rxg5 e5 22.dxe5 e6
23.Rg6 Nc5 24.f4 O-O-O 25.f5 d4 26.Ne4 d3 27.cxd3 cxd3 28.Qf3 Nb3+ 29.Kb1 Nd4
30.Qxd3 Qxe5 31.Rc1 Rxh2 32.Nc5 Rxb2+ 33.Kxb2 Ne2+ 34.Kc2 Qxc5+  0-1

[Event "Cannes op 18th"]
[Site "Cannes"]
[Date "1997.??.??"]
[Round "5"]
[White "Shaked, Tal"]
[Black "Hamdouchi, Hichem"]
[Result "1-0"]
[WhiteElo "2445"]
[BlackElo "2520"]

1.e4 g6 2.d4 Bg7 3.Nc3 d6 4.Be3 a6 5.Qd2 b5 6.a4 b4 7.Nd1 Nf6 8.f3 a5 9.c3 bxc3
10.bxc3 O-O 11.Bd3 c5 12.Ne2 cxd4 13.cxd4 Nc6 14.O-O Nb4 15.Bb5 d5 16.e5 Nd7
17.Bh6 Nb6 18.Bxg7 Kxg7 19.Ne3 Bd7 20.Ng4 Bxb5 21.axb5 Nc4 22.Qh6+ Kh8 23.f4 Rg8
24.Rf3 f5 25.exf6 exf6 26.Rh3 Ra7 27.f5 g5 28.Nxf6 Rgg7 29.Nh5 Rgf7 30.f6 Qe8
31.Ng7 Rxg7 32.fxg7+ Rxg7 33.Rf1 Nd2 34.Rf5 Nc2 35.Qd6 Rf7 36.Rxf7 Qxf7 37.Qd8+ Qg8
38.Qxg8+ Kxg8 39.b6  1-0

[Event "Cannes op-B 18th"]
[Site "Cannes"]
[Date "1997.??.??"]
[Round "6"]
[White "Gollain, Marc"]
[Black "Habibi, Ali"]
[Result "0-1"]
[WhiteElo "2220"]
[BlackElo "2345"]

1.e4 d6 2.d4 g6 3.Nc3 Bg7 4.Be3 Nf6 5.Qd2 Nc6 6.d5 Ne5 7.h3 c5 8.f4 Ned7
9.Nf3 O-O 10.g4 b5 11.Bxb5 Rb8 12.Bxd7 Bxd7 13.e5 Ne8 14.Nd1 Bb5 15.Kf2 Qc7
16.Kg2 e6 17.a4 Ba6 18.Kg3 exd5 19.Qxd5 Bb7 20.Qc4 dxe5 21.fxe5 Nf6 22.Rf1 Bd5
23.Qe2 Ne4+ 24.Kh2 f6 25.Nd2 f5 26.Nc4 Rb4 27.b3 Bxc4  0-1

[Event "Cappelle op"]
[Site "Cappelle la Grande"]
[Date "1997.??.??"]
[Round "2"]
[White "Gurevich, Vladimir"]
[Black "Shchekachev, Andrei"]
[Result "1/2-1/2"]
[WhiteElo "2430"]
[BlackElo "2520"]

1.e4 d6 2.d4 g6 3.Nc3 Bg7 4.f4 a6 5.Nf3 b5 6.Bd3 Nd7 7.e5 c5 8.Be4 Rb8 9.Be3 b4
10.Ne2 Nh6 11.h3 O-O 12.O-O Qc7 13.c3 bxc3 14.bxc3 Nb6 15.dxc5 dxc5 16.Ng3 Be6
17.Qc2 Bc4 18.Rfd1 Rfd8 19.Nd2 Bb5 20.a4 Nc4 21.Nxc4 Bxc4 22.Rxd8+ Rxd8 23.Rb1 f5
24.exf6 exf6 25.Rb7 Qc8 26.f5 Nxf5 27.Nxf5 gxf5 28.Bf3 Bf8 29.Qb2 Qe6 30.Bf4 Bd5
31.Bxd5 Qxd5 32.Qb6 Re8 33.Rb8 Re2 34.Rxf8+ Kxf8 35.Qxf6+ Ke8 36.Qh8+ Kd7
37.Qxh7+ Re7 38.Qg6 Qe6 39.Qg5 Qe4 40.Qh6 Qe6 41.Qg5 Re8  1/2-1/2

[Event "WLS-ch"]
[Site "Cardiff"]
[Date "1997.??.??"]
[Round "3"]
[White "Dyce, Andrew"]
[Black "Binks, Michael"]
[Result "1-0"]
[WhiteElo "2135"]
[BlackElo "2095"]

1.e4 g6 2.d4 Bg7 3.Nc3 d6 4.Bc4 e6 5.Nge2 Nd7 6.Be3 Ne7 7.Qd2 c6 8.Bb3 O-O
9.Bh6 d5 10.h4 Bxh6 11.Qxh6 Kh8 12.h5 Ng8 13.Qe3 g5 14.e5 f5 15.exf6 Qxf6
16.O-O-O e5 17.f3 exd4 18.Nxd4 Nb6 19.Nde2 Bd7 20.Rde1 Nh6 21.a4 Rae8 22.Qg1 Re7
23.a5 Nc8 24.Bxd5 cxd5 25.Nxd5  1-0

[Event "Ceske Budejovice op"]
[Site "Ceske Budejovice"]
[Date "1997.??.??"]
[Round "2"]
[White "Tomescu, Vlad"]
[Black "Most, Zdenek"]
[Result "1-0"]
[WhiteElo "2410"]
[BlackElo "2255"]

1.e4 d6 2.d4 g6 3.Nc3 Bg7 4.Nge2 Nf6 5.g3 O-O 6.Bg2 e5 7.h3 Nc6 8.Be3 b6
9.O-O Bb7 10.Re1 h6 11.Qd2 Kh7 12.Rad1 Re8 13.f4 a6 14.Qc1 Qc8 15.g4 b5 16.a3 Rb8
17.dxe5 dxe5 18.f5 Na5 19.b3 Rd8 20.fxg6+ fxg6 21.Nd5 Bxd5 22.exd5 Nb7 23.c4 bxc4
24.bxc4 Qd7 25.Qc2 Nd6 26.c5 Nf7 27.Nc3 Qe7 28.Rf1 Ng5 29.Kh1 e4 30.Bxg5 hxg5
31.Nxe4 Nxe4 32.Qxe4 Qxc5 33.Rc1 Qxa3 34.Rxc7 Rf8 35.Rxf8 Rxf8 36.Qe5  1-0

[Event "Ceske Budejovice op"]
[Site "Ceske Budejovice"]
[Date "1997.??.??"]
[Round "3"]
[White "Jacek, Pavel"]
[Black "Meszaros, Ludek"]
[Result "0-1"]
[WhiteElo "2150"]
[BlackElo "2265"]

1.e4 g6 2.d4 Bg7 3.Nc3 d6 4.g3 Nf6 5.Bg2 O-O 6.Nge2 Nc6 7.O-O e5 8.dxe5 Nxe5
9.f4 Nc6 10.h3 Re8 11.a3 Be6 12.Qd3 Qe7 13.Bd2 Rad8 14.Rae1 d5 15.e5 Nd7
16.Bc1 Nc5 17.Qd1 d4 18.Ne4 Nxe4 19.Bxe4 Bxh3 20.Rf2 Bg4 21.Qd3 Qd7 22.b4 Ne7
23.Bb2 Nf5 24.Kh2 Bf8 25.Rd1 c5 26.bxc5 Bxc5 27.Rd2 Qa4 28.Ng1 Ne3 29.Qb3 Qa5
30.Rd3 Be6 31.Qxb7 Ng4+  0-1

[Event "Ceske Budejovice op"]
[Site "Ceske Budejovice"]
[Date "1997.??.??"]
[Round "5"]
[White "Dumitrescu, Dragos"]
[Black "Meszaros, Ludek"]
[Result "1-0"]
[WhiteElo "2410"]
[BlackElo "2265"]

1.d4 g6 2.e4 Bg7 3.Nc3 d6 4.Nf3 Bg4 5.Bc4 e6 6.Be3 Ne7 7.h3 Bxf3 8.Qxf3 c6
9.O-O O-O 10.Rad1 d5 11.Bd3 dxe4 12.Nxe4 Nf5 13.c3 Nxe3 14.fxe3 Nd7 15.Rf2 Qc7
16.h4 c5 17.h5 cxd4 18.exd4 e5 19.Qh3 Rae8 20.Ng5 Nf6 21.hxg6 fxg6 22.Ne6 Rxe6
23.Qxe6+ Kh8 24.dxe5 Nd7 25.Rxf8+ Bxf8 26.Bc4 Bc5+ 27.Kh1  1-0

[Event "Chicago op"]
[Site "Chicago"]
[Date "1997.??.??"]
[Round "3"]
[White "Langreck, John"]
[Black "Manion, Josh"]
[Result "0-1"]
[WhiteElo "2170"]
[BlackElo "2365"]

1.e4 g6 2.d4 Bg7 3.Nc3 d6 4.f4 Nf6 5.Nf3 O-O 6.Be2 Nbd7 7.e5 Ne8 8.e6 fxe6
9.Ng5 Ndf6 10.Bc4 d5 11.Bd3 c5 12.dxc5 Qa5 13.Bd2 Qxc5 14.h4 e5 15.fxe5 Ng4  0-1

[Event "Capablanca 32th Premier-A"]
[Site "Cienfuegos"]
[Date "1997.??.??"]
[Round "13"]
[White "Moreno, Alejandro"]
[Black "Blanco Fernandez, Alvaro"]
[Result "1/2-1/2"]
[WhiteElo "2385"]
[BlackElo "2365"]

1.e4 d6 2.d4 g6 3.Nc3 Bg7 4.Be3 c6 5.Qd2 Nd7 6.f3 b5 7.Bd3 b4 8.Nd1 a5 9.Ne2 Ngf6
10.c3 bxc3 11.bxc3 O-O 12.Nf2 e5 13.O-O d5  1/2-1/2

[Event "KS Sommerskak op"]
[Site "Copenhagen"]
[Date "1997.??.??"]
[Round "?"]
[White "Hector, Jonny"]
[Black "Hoi, Carsten"]
[Result "1-0"]
[WhiteElo "2500"]
[BlackElo "2425"]

1.e4 g6 2.d4 Bg7 3.Nc3 d6 4.f4 Nc6 5.Be3 Nf6 6.h3 O-O 7.g4 e5 8.dxe5 dxe5
9.f5 Qxd1+ 10.Rxd1 Nd4 11.Rh2 h6 12.Rhd2 c5 13.Bg2 b6 14.Nce2 Bb7 15.Ng3 Rad8
16.g5 hxg5 17.Bxg5 Nc6 18.Nf3 Rxd2 19.Rxd2 Na5 20.b3 gxf5 21.Bxf6 Bxf6 22.Nh5 Bd8
23.exf5 e4 24.Ne5 Bg5 25.Re2 Bh4+ 26.Kf1 Re8 27.Ng4 Kh8 28.Kg1 Rd8 29.Bxe4 Rd1+
30.Kg2 Bxe4+ 31.Rxe4 Rd2+ 32.Kf3 Nc6 33.c3 Rc2 34.Nh6 Rxc3+ 35.Kg4 Be7 36.f6 Bxf6
37.Nxf6 Kg7 38.Kg5 Rg3+ 39.Nhg4 Rg2 40.Re8  1-0

[Event "Corsica rap op"]
[Site "Corsica"]
[Date "1997.??.??"]
[Round "1"]
[White "Villard, Patrick"]
[Black "Bacrot, Etienne"]
[Result "0-1"]
[WhiteElo "2130"]
[BlackElo "2545"]

1.e4 g6 2.d4 Bg7 3.Nc3 d6 4.Nf3 c6 5.Be2 Nf6 6.O-O O-O 7.Bf4 Nbd7 8.Qd2 Qc7
9.h3 e5 10.dxe5 dxe5 11.Be3 b5 12.b4 a5 13.a3 Rd8 14.Rad1 Bb7 15.Qd6 Qxd6
16.Rxd6 axb4 17.axb4 Bf8 18.Rfd1 Bxd6 19.Rxd6 Ne8 20.Rd1 f6 21.Nd2 Nf8 22.Nb3 Rxd1+
23.Bxd1 Bc8 24.Na5 Bd7 25.Nb1 Nd6 26.Nd2 Nb7 27.Ndb3 Nxa5 28.Nxa5 Be6 29.Be2 Re8
30.c3 Nd7 31.Nb7 Kf8 32.f3 Ke7 33.Kf2 Rb8 34.Na5 Kd6 35.Ba7 Ra8 36.Be3 Kc7
37.Kg3 Nb6 38.Bh6 g5 39.Kf2 Rg8  0-1

[Event "Matanzas op"]
[Site "Cuba"]
[Date "1997.??.??"]
[Round "1"]
[White "Bosch, Jaqueline"]
[Black "Lopez, Carlos Manuel"]
[Result "1/2-1/2"]
[WhiteElo "2020"]
[BlackElo "2400"]

1.e4 g6 2.d4 Bg7 3.Nc3 d6 4.Bg5 c6 5.Qd2 Nf6 6.f3 b5 7.a3 a6 8.Nge2 Nbd7
9.Bh6 Bxh6 10.Qxh6 c5 11.g4 Qa5 12.Qd2 b4 13.Nd1 Rb8 14.h4 Nb6 15.Ne3 Be6
16.d5 Bd7 17.Nf4 Bb5 18.Kf2 Bxf1 19.Rhxf1 Qb5 20.Nd3 Nc4 21.Nxc4 Qxc4 22.axb4 Qd4+
23.Qe3 Qxe3+ 24.Kxe3 c4 25.Nf4 Rxb4 26.Rxa6 O-O 27.Rb1 Rfb8 28.c3 Rb3 29.Rc6 Rxc3+
30.bxc3 Rxb1 31.Rxc4 Kg7 32.Kf2 h5 33.g5 Nd7 34.Rc7 Ne5 35.Rxe7 Rh1 36.Ng2 Rh3
37.f4 Ng4+ 38.Kf1 Rh1+ 39.Ke2 Rh2 40.Kf1 Rh1+  1/2-1/2

[Event "MSS-ch"]
[Site "CZE"]
[Date "1997.??.??"]
[Round "?"]
[White "Cvek, Robert"]
[Black "Nedela, Vlastimil"]
[Result "1/2-1/2"]
[WhiteElo "2340"]
[BlackElo "2375"]

1.d4 g6 2.e4 Bg7 3.Nc3 d6 4.f4 Nf6 5.Nf3 O-O 6.Bd3 Na6 7.O-O c5 8.d5 Nc7
9.a4 e6 10.dxe6 Bxe6 11.Re1 Qd7 12.Bd2 b6 13.b3 Nfe8 14.Qe2 Kh8 15.a5 Rb8
16.axb6 axb6 17.Ra7 b5 18.Nd5 Qc6 19.c4 bxc4 20.bxc4 Bxd5 21.exd5 Qb6 22.Ra2 Nxd5
23.cxd5 c4+ 24.Be3 cxd3 25.Qxd3  1/2-1/2

[Event "CZE-chT 9697"]
[Site "CZE"]
[Date "1997.??.??"]
[Round "1"]
[White "Voller, Jiri"]
[Black "Moravec, Michal"]
[Result "1-0"]
[WhiteElo "2265"]
[BlackElo "2255"]

1.e4 g6 2.d4 Bg7 3.Nc3 d6 4.Nf3 Nh6 5.Bf4 f6 6.Qd2 Nf7 7.Bc4 e6 8.h4 h6 9.O-O-O O-O
10.g4 Nc6 11.g5 fxg5 12.hxg5 h5 13.Nh4 Ne7 14.Qe2 Ne5 15.Bxe5 dxe5 16.d5 Qe8
17.dxe6 c6 18.Kb1 b5 19.Nxb5 cxb5 20.Bxb5 Nc6 21.e7 Qxe7 22.Bxc6 Rb8 23.Bd5+ Rf7
24.Qc4 Bg4 25.f3  1-0

[Event "CZE-chT 9697"]
[Site "CZE"]
[Date "1997.??.??"]
[Round "1"]
[White "Zvara, Petr"]
[Black "Oral, Tomas"]
[Result "0-1"]
[WhiteElo "2350"]
[BlackElo "2415"]

1.e4 g6 2.d4 Bg7 3.Nc3 d6 4.Nf3 Nf6 5.Be2 c6 6.O-O O-O 7.Re1 Nbd7 8.h3 Qc7
9.a4 b6 10.Bf1 e5 11.dxe5 Nxe5 12.Nxe5 dxe5 13.a5 b5 14.f3 Re8 15.Be3 Bf8
16.Qd2 Nd7 17.Red1 Rb8 18.Na2 a6 19.c4 b4 20.Nc1 Nc5 21.Qf2 Qe7 22.Bxc5 Qxc5
23.Nb3 Qe7 24.Qe3 Be6 25.Rd2 h5 26.Rad1 Kh7 27.Rd6 Qc7 28.c5 Red8 29.Qd3 Bxd6
30.cxd6 Qa7+ 31.Kh2 Rd7 32.Qc2 Bxb3 33.Qxb3 Qc5 34.Bxa6 Qxa5 35.Qc4 Qb6 36.f4 Ra8
37.Ra1 Qd4 38.Qxc6 Rad8 39.Bb5 Rxd6 40.Qc7 Rf8 41.Qe7 Kg8 42.f5 Rb6 43.f6 Qxe4
44.Kh1 Rxb5  0-1